| 000 | 00866nmm a22003137a 4500 | ||
|---|---|---|---|
| 005 | 20170214132042.0 | ||
| 008 | 150727b xxu||||| |||| 00| | spa d | ||
| 041 | _aEspañol | ||
| 082 | _aGT 34 | ||
| 100 |
_aAparicio Valerín, Alison _939970 |
||
| 100 |
_aObregón Chavarría, Kevin _939971 |
||
| 100 |
_aSandoval Rojas, Flavio _928456 |
||
| 100 |
_aSolís Moya, Yeiner _939972 |
||
| 245 | _aAnálisis de recursos turísticos del cantón de Escazú | ||
| 260 | _c2015 | ||
| 502 | _a | ||
| 650 |
_aCANTÓN DE ESCAZÚ _939973 |
||
| 650 |
_aCOSTA RICA _939989 |
||
| 650 |
_aHISTORIA _943 |
||
| 650 |
_aPOBLACIÓN _91773 |
||
| 650 |
_aATRACTIVOS TURÍSTICOS _95394 |
||
| 650 |
_aESCUDO _928241 |
||
| 650 |
_aBANDERA _939975 |
||
| 650 |
_aHIMNO _939976 |
||
| 650 |
_aFLORA _94418 |
||
| 650 |
_aFAUNA _94419 |
||
| 650 |
_aEMPLEO _91098 |
||
| 942 | _cGT | ||
| 999 |
_c7182 _d7182 |
||